Перейти до змісту

Аналоги инсулина в достижении компенсации и улучшении качества жизни детей и подростков c сахарным диабетом 1 типа Статья

Збережено в:
Бібліографічні деталі
Автор: Кураева Т. Л.
Формат: Статья
Онлайн доступ:https://znanium.com/catalog/document?id=119897
https://znanium.com/cover/0499/499786.jpg
Теги: Додати тег
Немає тегів, Будьте першим, хто поставить тег для цього запису!
LEADER 01304nam0a2200217 i 4500
001 RU\infra-m\znanium\bibl\499786
003 https://znanium.com/catalog/document?id=119897
005 20200302000000.0
100 |a 20200302d2014 m y0rusy0150 ca 
101 0 |a rus 
102 |a RU 
200 1 |a Аналоги инсулина в достижении компенсации и улучшении качества жизни детей и подростков c сахарным диабетом 1 типа  |e Статья 
210 1 |a Москва  |c ФГБУ "Эндокринологический научный центр" МинЗдрав РФ  |d 2010 
215 |a 6 с. 
333 |a Аспирантура 
606 |a Медицина. Фармакология  |x Эндокринология и болезни обмена веществ  |2 local 
608 |a Статья  |2 local 
700 1 |a Кураева  |b Т. Л.  |g Тамара Леонидовна 
801 0 |a RU  |b Общество с ограниченной ответственностью «ЗНАНИУМ»  |c 20141213  |2 rusmarc 
856 4 |a znanium.com  |m ebs_support@infra-m.ru  |n НИЦ ИНФРА-М  |u https://znanium.com/catalog/document?id=119897 
856 4 1 |a znanium.com  |d /cover/0499  |f 499786.jpg  |q image/jpeg  |u https://znanium.com/cover/0499/499786.jpg